000 01706nmc a2200517 a 4500
003 AR-BaBNM
005 20251128205340.0
008 167019s1989 ||||||||||||||000 | spa||
020 _a84-7774-041-0
040 _cAR-BaBNM
110 1 _aEquipo de Asesoramiento Psicopedagógico de Terrassa
245 1 0 _aPruebas pedagógicas graduadas para preescolar y ciclo inicial
260 _aMadrid
_bVisor
_c1989
300 0 _a113 p.
_btablas, il.
490 0 _aAprendizaje
_vv. 41
500 1 _aContiene en apéndice: Areas que comprenden la prueba: Matemáticas, Lenguaje Oral, Lenguaje Escrito, Habilidades perceptivo-motrices
504 _aBibliografía: p. 39
650 4 _aDESARROLLO DEL NINO
650 4 _aNINOS DE EDAD PREESCOLAR
650 4 _aELABORACION DE PRUEBAS
650 4 _aPRUEBAS DE CONOCIMIENTOS
650 4 _aMATEMATICA
650 4 _aDESARROLLO MOTOR
650 4 _aDESARROLLO FISICO
650 4 _aSERVICIOS DE ORIENTACION
651 4 _aEspaña
653 _aEDUCACION INICIAL
653 _aEQUIPOS DE ORIENTACION ESCOLAR
653 _aJARDINES DE INFANTES
653 _aPSICOPEDAGOGOS
653 _aNINOS DE JARDIN DE INFANTES
653 _aPRIMER CICLO DE LA EGB
653 _aORIENTACION EDUCATIVA
700 1 _aCosta Borrás, Martí
700 1 _aMarco Viñés, Ferran
700 1 _aMontón Sales, María José
700 1 _aQuer Domingo, Marta
700 1 _aSalas Gurpegui, Esperanza
700 1 _aValls Alcayde, Teresa
700 1 _aLoscos Beret, Ramón
_ecolaborador
700 1 _aPaniagua Gavidia, Javier
_ecolaborador
800 1 _aAlvarez, Amelia
_edirector
800 1 _aDel Río, Pablo
_edirector
942 _cBK
998 _cSILVI
999 _c11035
_d11035